000 00318nam a22001457a 4500
008 210305b ||||| |||| 00| 0 eng d
020 _a2900073530436
041 _aeng
080 _26th
_a338
082 _a338
100 _a53
101 _aMEN
245 _aContemporary Management
_cJones, G.R
942 _2udc
_cBK
999 _c55786
_d55786